000
00256nam a22001097a 4500
082
_a
823
_b
ORI/H
100
_a
ORIENT LONGMAN
245
_a
HOW MANY COATS DOES A YAK HAVE?
260
_b
ORIENT LONGMAN
_c
1992
650
_a
PAQSSAGE LEAFLETS
_z
INDIA
942
_c
BK
999
_c
4012
_d
4012